| 000 | 00369nam a22001457a 4500 | ||
|---|---|---|---|
| 003 | LK-CoDNM | ||
| 005 | 20240903102746.0 | ||
| 008 | 240903b |||||||| |||| 00| 0 eng d | ||
| 040 |
_aLK-CoDNM _dLK-CoDNM _eLK-CoDNM |
||
| 080 | _bGP1876-77 | ||
| 245 | _aSessional Paper Ceylon | ||
| 260 |
_aColombo _bGoverment press _c1876-77 |
||
| 300 | _b432p. : 32 cm | ||
| 942 | _cBK | ||
| 999 |
_c150565 _d150565 |
||